| 000 | 00471nam a22001697a 4500 | ||
|---|---|---|---|
| 003 | NUST - PNEC | ||
| 005 | 20170116180802.0 | ||
| 008 | 150416b xxu||||| |||| 00| 0 eng d | ||
| 040 | _cLIBRARY | ||
| 082 | _a297.22 MAU | ||
| 100 |
_92643 _aMaududi, Syed Abu |
||
| 245 |
_aTahfeem ul Ahadees Vol-1 _cMaulana Syed Abul Ali Maududi |
||
| 260 |
_aLahore: _bIdara Maurif Islami, |
||
| 300 | _a464 p. : | ||
| 650 |
_92645 _aIslam, hadees mubaraka _xGeneral |
||
| 942 |
_2ddc _cBK |
||
| 999 |
_c63014 _d63014 |
||